| 000 | 01094cad a22002415a 4500 | ||
|---|---|---|---|
| 001 | L146937 | ||
| 008 | 090316s2009 xxkd f s 000 0 eng d | ||
| 035 | _a(Sirsi) u146937 | ||
| 041 | 0 | _aeng | |
| 050 | 0 | 4 | _a333.33 $2 18 |
| 110 | 2 |
_aColliers CRE _95075 |
|
| 245 | 0 | 0 |
_aProperty snapshot _bMarch 2009 _h[electronic resource] |
| 260 |
_aLondon _bColliers _c2009 |
||
| 490 | 0 |
_aProperty Snapshot _vMarch 2009 |
|
| 520 | _aSuggests that the GDP figure for Q4 2008 was -1.5% quarter on quarter, with consumer spending falling for the third quarter in a row, and business investment falling by 3.9% quarter on quarter. During February transactions were very limited, with property companies and REITS de-leveraging through rights issues and negotiating new loan facilities. | ||
| 521 | _aAdvanced | ||
| 590 | _aKA | ||
| 650 | 2 | 4 | _aCOLLIERS PROPERTY SNAPSHOT |
| 651 | 4 |
_aUnited Kingdom _y |
|
| 690 | _aPROPERTY-COMMERCIAL PROPERTY-COMMERCIAL PROPERTY MARKET | ||
| 856 | 4 | 0 |
_uhttps://www.colliers.com/ _zView this report free of charge under market reports at www.colliers.com... |
| 942 | _n0 | ||
| 999 |
_c109361 _d109361 |
||